|
|
|
|
| LEADER |
04565nam a22003973i 4500 |
| 001 |
EBC7024738 |
| 003 |
MiAaPQ |
| 005 |
20231204023226.0 |
| 006 |
m o d | |
| 007 |
cr cnu|||||||| |
| 008 |
231204s2022 xx o ||||0 ger d |
| 020 |
|
|
|a 9783839457078
|q (electronic bk.)
|
| 020 |
|
|
|z 9783837657074
|
| 035 |
|
|
|a (MiAaPQ)EBC7024738
|
| 035 |
|
|
|a (Au-PeEL)EBL7024738
|
| 035 |
|
|
|a (OCoLC)1322123942
|
| 040 |
|
|
|a MiAaPQ
|b eng
|e rda
|e pn
|c MiAaPQ
|d MiAaPQ
|
| 100 |
1 |
|
|a Büchel, Julia.
|
| 245 |
1 |
0 |
|a Repräsentation - Partizipation - Zugänglichkeit :
|b Theorie und Praxis gesellschaftlicher Einbindung in Museen und Ausstellungen.
|
| 250 |
|
|
|a 1st ed.
|
| 264 |
|
1 |
|a Bielefeld :
|b transcript,
|c 2022.
|
| 264 |
|
4 |
|c {copy}2022.
|
| 300 |
|
|
|a 1 online resource (245 pages)
|
| 336 |
|
|
|a text
|b txt
|2 rdacontent
|
| 337 |
|
|
|a computer
|b c
|2 rdamedia
|
| 338 |
|
|
|a online resource
|b cr
|2 rdacarrier
|
| 490 |
1 |
|
|a Edition Museum
|
| 505 |
0 |
|
|a Cover -- Inhalt -- Vorwort und Dank -- Abstract -- Einleitung -- Herausforderungen für Museen und Ausstellungen -- Vorgehen -- Wege zur gesellschaftlichen Einbindung -- Herausforderung Begrifflichkeiten -- Der Umgang mit Begrifflichkeiten in der Arbeit -- Gesellschaftliche Einbindung untersuchen -- Auswahl der Fallstudien -- Begriffe -- Der Begriff der Repräsentation -- Kritik der Repräsentation - Stand der Diskussion -- Der Begriff der Repräsentation im Museumskontext -- Partizipation - Definitionen und Verständnisse des Begriffs im Museumskontext -- Zugänglichkeit - die Diskussion um Zugänglichkeit im Museumskontext -- Die Verwendung der Begriffe für die Analyse -- 1. Teil: Die Forderung nach sozialer Verantwortung und gesellschaftlicher Einbindung im Museumsraum -- Neue Anforderungen -- Die Entwicklung des Anspruchs an gesellschaftliche Einbindung mit der ›Neuen Museologie‹ -- Entwicklungen im Museums- und Ausstellungswesen -- Gesellschaftliche Einbindung seit der Jahrhundertwende -- Die ›Neue Museologie‹ als Wegbereiter einer ›Gemeinschaftsmuseologie‹ - Stand der Diskussion -- Der Anspruch an gesellschaftliche Einbindung - Vielfalt an Begrifflichkeiten -- Konzepte -- Museumskonzepte zur Rolle der Institutionen in und für die Gesellschaft -- ›Museum 2.0‹ oder ›Das partizipative Museum‹ -- ›Museum 3.0‹ - von Digitalisierung über Nutzerzentrierung bis zum Third place -- ›Museum 4.0‹ - ein Pilotprojekt -- Fazit -- Entwicklung Museumskonzepte -- Museumskonzepte versus Ausstellungen -- Anforderungen an Ausstellungen aus den Museumskonzepten -- II. Teil: Gesellschaftliche Einbindung in der Praxis - aber wie? -- Archäologie Schweiz -- Kontextualisierung -- Deskription der Ausstellung -- Kernausstellung -- Kontextualisierung -- Deskription der Ausstellung -- GROSS -- Kontextualisierung -- Deskription der Ausstellung.
|
| 505 |
8 |
|
|a III. Teil: Gesellschaftliche Einbindung im Vergleich -- Vergleich 1 - die Fallstudien -- Der Umgang mit gesellschaftlicher Einbindung in der Praxis -- Unterschiede in den Fallstudien -- Vergleich 2 - die wichtigsten Anforderungen -- Übereinstimmende Anforderungen an Ausstellungen aus Theorie und Praxis -- Erweiterte Zugänglichkeit -- Nur theoretisch‐konzeptionelle Ideen? -- Fazit -- Anforderungen an Ausstellungen -- Die Übertragung der Erkenntnisse in die Praxis -- Erkenntnisse -- Eine Orientierungshilfe für die Praxis -- Herausforderung Ausstellungsanalyse -- Ein neues Analysevorgehen -- Demokratisierungsprozesse? -- Kritik an den vorhandenen Begrifflichkeiten -- Schlussbetrachtung -- Zwei Verständnisse gesellschaftlicher Einbindung -- Der zwischenmenschliche Ansatz -- Der technologische Ansatz -- Das Potenzial der Digitalisierung -- Ausblick -- Ein Museum für die Gesellschaft? -- Die Forderung nach einem Inter-Aktionsraum - neue Formate für Museen -- Literaturverzeichnis -- Links -- Abbildungsverzeichnis -- Tabellenverzeichnis.
|
| 588 |
|
|
|a Description based on publisher supplied metadata and other sources.
|
| 590 |
|
|
|a Electronic reproduction. Ann Arbor, Michigan : ProQuest Ebook Central, 2023. Available via World Wide Web. Access may be limited to ProQuest Ebook Central affiliated libraries.
|
| 655 |
|
4 |
|a Electronic books.
|
| 776 |
0 |
8 |
|i Print version:
|a Büchel, Julia
|t Repräsentation - Partizipation - Zugänglichkeit
|d Bielefeld : transcript,c2022
|z 9783837657074
|
| 797 |
2 |
|
|a ProQuest (Firm)
|
| 830 |
|
0 |
|a Edition Museum
|
| 856 |
4 |
0 |
|u https://ebookcentral.proquest.com/lib/matrademy/detail.action?docID=7024738
|z Click to View
|